000 00477nam a22001817a 4500
005 20230110103630.0
008 221220b |||||||| |||| 00| 0 eng d
020 _a978-817164-146-8
041 _aeng
082 _a633 PRA -T
100 _aPRASAD , Dr. RAJENDRA
_93847
245 _aTEXTBOOK OF FIELD CROP PRODUCTION COMMERCIAL CROPS -VOL-II
250 _a1st ed.
260 _aNEW DELHI
_bICAR
_c2021
300 _a612;P.
650 _aAGRICULTURE
_92837
942 _cBK
999 _c8137
_d8135